[Event "2024 WA Championship Reserves"]
[Site "Woodvale, Perth WA AUS"]
[Date "2024.06.02"]
[Round "5.7"]
[White "Shaw,Robin A"]
[Black "Sethuraman,Jaswanth Ram"]
[Result "1/2-1/2"]
[WhiteElo "1713"]
[BlackElo "1490"]
[EventDate "2024.05.31"]
[WhiteFideId "3204677"]
[BlackFideId "3245250"]
[PlyCount "0"]

1.c4 e5 2.Nc3 Nf6 3.e4 Nc6 4.Nf3 Bb4 5.d3 h6 6.a3 Bxc3+ 7.bxc3 d6 8.Qc2 Bg4
9.Be2 Ne7 10.Rb1 Rb8 11.Be3 b6 12.O-O O-O 13.h3 Bxf3 14.Bxf3 c6 15.d4 Qc7 16.Kh1
Rfe8 17.Rg1 Ng6 18.g3 Rbd8 19.Rbd1 Qd7 20.Kh2 c5 21.Bg2 Qe6 22.d5 Qc8 23.Rge1
1/2-1/2

[Event "2024 WA Championship Reserves"]
[Site "Woodvale, Perth WA AUS"]
[Date "2024.06.02"]
[Round "5.9"]
[White "Moseley,Paul"]
[Black "Akers,Gerard"]
[Result "0-1"]
[WhiteElo "1620"]
[BlackElo "1689"]
[EventDate "2024.05.31"]
[WhiteFideId "3250911"]
[BlackFideId "110033447"]
[PlyCount "0"]

1.d4 Nf6 2.Nf3 e6 3.e3 c5 4.Bd3 cxd4 5.exd4 d6 6.O-O Be7 7.b3 O-O 8.Bb2 b6 9.c4
Bb7 10.Nbd2 Nbd7 11.Re1 Re8 12.Rc1 Rc8 13.h3 Qc7 14.Bb1 Qb8 15.Nh2 Qa8 16.f3 d5
17.a3 Qb8 18.Ndf1 Nh5 19.Qd3 Ndf6 20.Re5 g6 21.Qd2 Bd6 22.f4 Nd7 23.g4 Ng7 24.g5
Nxe5 25.fxe5 Be7 26.Ng4 Nh5 27.Nfh2 dxc4 28.Rf1 Rf8 29.Nf6+ Bxf6 30.gxf6 c3
31.Bxc3 Qc7 32.Bb4 Qc6 33.Nf3 Rfd8 34.Bd6 Qc3 35.Bb4 Qxd2 36.Bxd2 Bxf3 37.Rxf3
Rxd4 38.Bh6 Rd1+ 39.Rf1 Rxf1+ 40.Kxf1 Rc5 41.Kg2 Rxe5 42.Kf3 Nxf6 0-1

[Event "2024 WA Championship Reserves"]
[Site "Woodvale, Perth WA AUS"]
[Date "2024.06.02"]
[Round "5.10"]
[White "Tan, Li Ya Leah"]
[Black "Huang,Hui"]
[Result "0-1"]
[WhiteElo "1434"]
[BlackElo "1760"]
[EventDate "2024.05.31"]
[WhiteFideId "5838789"]
[BlackFideId "3247597"]
[PlyCount "0"]

1.e4 Nf6 2.Nc3 e5 3.Nf3 Nc6 4.Be2 Bc5 5.O-O d6 6.d3 h6 7.Be3 Bb6 8.h3 O-O 9.d4
exd4 10.Nxd4 Nxd4 11.Bxd4 Re8 12.Bf3 Bd7 13.Re1 Bc6 14.Bxb6 axb6 15.Qd2 Nd7
16.Rad1 Ne5 17.Be2 Qh4 18.f3 Ng6 19.Bf1 Nf4 20.a3 Qg3 21.Kh1 Nh5 22.Nd5 Bxd5
23.Qxd5 Ra5 24.Qxb7 Rg5 25.Qxc7 Re6 26.Qxb6 Nf4 27.Qg1 Nxh3 28.Qh2 Nf2+ 29.Kg1
Qxf3 30.Rd2 Nxe4 31.Rde2 d5 32.Qb8+ Kh7 33.Qb3 Qh5 34.Qd3 Reg6 35.Re3 Qh4
36.R1e2 Rh5 37.Rh3 Qxh3 38.Qxh3 Rxh3 39.c4 Rb3 40.cxd5 Ng3 41.Rd2 Nxf1 42.Kxf1
Rd6 43.Ke2 g5 44.Kf2 f5 45.Ke2 Kg6 46.Kf2 f4 47.a4 Rb4 48.a5 Ra4 49.b4 Rxb4
50.a6 Ra4 0-1

[Event "2024 WA Championship Reserves"]
[Site "Woodvale, Perth WA AUS"]
[Date "2024.06.02"]
[Round "5.11"]
[White "Perera,Kaviru"]
[Black "Sheridan,Wallace"]
[Result "0-1"]
[WhiteElo "1448"]
[BlackElo "1567"]
[EventDate "2024.05.31"]
[WhiteFideId "3261565"]
[BlackFideId "3206769"]
[PlyCount "0"]

1.e4 d6 2.d4 Nf6 3.Nc3 e5 4.d5 Be7 5.Nf3 c6 6.Bc4 O-O 7.h3 cxd5 8.Bxd5 Nxd5
9.Nxd5 Nd7 10.O-O Nf6 11.Bg5 Nxd5 12.Qxd5 Bxg5 13.Nxg5 Qxg5 14.Qxd6 Bxh3 15.g3
Bxf1 16.Rxf1 Rfd8 17.Qb4 b6 18.c3 h5 19.Kg2 h4 20.Rh1 hxg3 21.fxg3 Rd2+ 22.Kf3
Rad8 23.Re1 R8d3+ 24.Re3 Rxe3# 0-1

[Event "2024 WA Championship Reserves"]
[Site "Woodvale, Perth WA AUS"]
[Date "2024.06.02"]
[Round "5.12"]
[White "Liyanage,Nithuli"]
[Black "Rithauddin,Florentyna"]
[Result "1/2-1/2"]
[WhiteElo "1514"]
[BlackElo "840"]
[EventDate "2024.05.31"]
[WhiteFideId "3266729"]
[BlackFideId "35816694"]
[PlyCount "0"]

1.e4 c5 2.Nc3 Nc6 3.Bc4 e6 4.Nf3 Nf6 5.a4 d5 6.exd5 exd5 7.Bb5 Bd7 8.Bxc6 Bxc6
9.Qe2+ Be7 10.O-O O-O 11.Ne5 Rc8 12.Nxc6 Rxc6 13.Qf3 d4 14.Ne4 Nxe4 15.Qxe4 Re8
16.Qf3 Bf6 17.d3 Qc8 18.Bf4 Rce6 19.h3 Re2 20.Rac1 a6 21.Rfd1 b5 22.axb5 axb5
23.Rd2 Re1+ 24.Rxe1 Rxe1+ 25.Kh2 Rb1 26.b3 g6 27.Rd1 Rxd1 28.Qxd1 c4 29.dxc4
bxc4 30.bxc4 Qxc4 31.Qd3 Qxd3 32.cxd3 1/2-1/2

[Event "2024 WA Championship Reserves"]
[Site "Woodvale, Perth WA AUS"]
[Date "2024.06.02"]
[Round "5.13"]
[White "Wu,Kobe"]
[Black "Cotterill,Graeme"]
[Result "1-0"]
[WhiteElo "1689"]
[BlackElo "1336"]
[EventDate "2024.05.31"]
[WhiteFideId "3257355"]
[BlackFideId "3274942"]
[PlyCount "0"]

1.e4 c5 2.Nf3 d6 3.Bb5+ Nc6 4.d4 cxd4 5.Nxd4 Bd7 6.O-O a6 7.Nxc6 bxc6 8.Bc4 e6
9.Bf4 d5 10.exd5 cxd5 11.Bb3 Qf6 12.Be3 Bd6 13.Bd4 Be5 14.Bxe5 Qxe5 15.c3 Nf6
16.Re1 Qc7 17.Bxd5 Nxd5 18.Qxd5 O-O 19.Qf3 Bc6 20.Qe2 Qb7 21.f3 Rfd8 22.Na3 Rd7
23.Rad1 Rad8 24.b4 Ba4 25.Rxd7 Rxd7 26.Nc2 Qc6 27.c4 Bxc2 28.Qxc2 Qb6+ 29.Kf1
Qxb4 30.Qb3 a5 31.Qxb4 axb4 32.Rb1 Rb7 33.Rb3 Kf8 34.a3 Ke7 35.axb4 Kd6 36.Ke2
e5 37.Ke3 f5 38.f4 e4 39.Kd4 Ke7 40.c5 Rd7+ 41.Ke3 Rc7 42.g3 Ke6 43.Kd4 Rd7+
44.Kc4 Rc7 45.b5 Rb7 46.b6 Kd7 47.Kd5 Kd8 48.c6 1-0

[Event "2024 WA Championship Reserves"]
[Site "Woodvale, Perth WA AUS"]
[Date "2024.06.03"]
[Round "6.1"]
[White "Gao,Oscar"]
[Black "Tran,Thien Huy"]
[Result "1/2-1/2"]
[WhiteElo "1843"]
[BlackElo "1708"]
[EventDate "2024.05.31"]
[WhiteFideId "3235173"]
[BlackFideId "12445444"]
[PlyCount "0"]

1.e4 c5 2.d4 cxd4 3.c3 d3 4.Bxd3 Nc6 5.Be3 d6 6.Nd2 Qc7 7.Be2 g6 8.Rc1 Bg7 9.f4
Bd7 10.Ngf3 Rc8 11.O-O Nf6 12.Nd4 a6 13.Nxc6 Bxc6 14.Bf3 O-O 15.g4 b5 16.c4 Qb7
17.Qc2 Qa8 18.c5 Bb7 19.b4 dxc5 20.bxc5 Rfd8 21.Rfd1 Bc6 22.g5 Nd7 23.Nb3 e5
24.Bg2 a5 25.Bd2 a4 26.Na5 exf4 27.Nxc6 Qxc6 28.Ba5 Re8 29.Bh3 Re7 30.Qd2 Ne5
31.Qd6 Qxe4 32.Bg2 Qe3+ 33.Kh1 Rce8 34.Bd2 Qa3 35.Bxf4 Rd7 36.Qb6 Rxd1+ 37.Rxd1
Nd3 38.Qxb5 Rd8 39.Rf1 Nxc5 40.Bc7 Rc8 41.Bd5 Ne6 42.Bxe6 fxe6 43.Qd7 Rf8
44.Qxe6+ Kh8 45.Rxf8+ Qxf8 46.Kg2 Qa8+ 47.Kg3 1/2-1/2

[Event "2024 WA Championship Reserves"]
[Site "Woodvale, Perth WA AUS"]
[Date "2024.06.03"]
[Round "6.2"]
[White "Chen,Angus"]
[Black "Gough,Dylan"]
[Result "0-1"]
[WhiteElo "1672"]
[BlackElo "1738"]
[EventDate "2024.05.31"]
[WhiteFideId "3251390"]
[BlackFideId "3243176"]
[PlyCount "0"]

1.e4 e6 2.d4 d5 3.Nd2 c5 4.c3 Nc6 5.Ne2 Qb6 6.exd5 exd5 7.Nf3 cxd4 8.Nexd4 Bc5
9.Bb5 Ne7 10.Qe2 O-O 11.Be3 Nf5 12.Nxf5 Bxf5 13.Bxc5 Qxc5 14.O-O Rae8 15.Qd2
Qxb5 16.a4 Qd3 17.Qg5 h6 18.Qh4 Re4 19.Qg3 Rg4 20.Qh3 Rg6 21.Qh5 Bg4 22.Ne5 Nxe5
23.Qxe5 Bh3 24.Rad1 Qf3 25.Qxd5 Qxd5 26.Rxd5 Bxg2 0-1

[Event "2024 WA Championship Reserves"]
[Site "Woodvale, Perth WA AUS"]
[Date "2024.06.03"]
[Round "6.3"]
[White "Otis,Max"]
[Black "Elkington,Derek"]
[Result "0-1"]
[WhiteElo "1759"]
[BlackElo "1879"]
[EventDate "2024.05.31"]
[WhiteFideId "3265854"]
[BlackFideId "3212564"]
[PlyCount "0"]

1.e4 c5 2.Nf3 e6 3.c3 d5 4.e5 d4 5.d3 h5 6.g3 Nh6 7.Bg2 Nf5 8.h4 Nc6 9.O-O Be7
10.Na3 a6 11.Nc2 Bd7 12.Re1 b5 13.cxd4 cxd4 14.Bd2 a5 15.a3 Rc8 16.Re4 Qb6
17.Qe1 Bd8 18.b4 a4 19.Ra2 Qa7 20.Qa1 Bb6 21.Bc1 Rd8 22.Bb2 Bc8 23.Qd1 Bb7
24.Re2 Nce7 25.Qd2 Nd5 26.Qg5 g6 27.Nd2 Qb8 28.Bh3 Rc8 29.Ne4 Qxe5 30.Bxf5 Rxc2
31.Rxc2 exf5 32.f4 Qe6 33.Re2 O-O 34.Qh6 fxe4 35.Rxe4 Qh3 36.Qg5 Ne3 37.Bxd4
Bxd4 38.Rxd4 Qf1+ 0-1

[Event "2024 WA Championship Reserves"]
[Site "Woodvale, Perth WA AUS"]
[Date "2024.06.03"]
[Round "6.4"]
[White "Sethuraman,Jaswanth Ram"]
[Black "Clarke,Daniel"]
[Result "0-1"]
[WhiteElo "1490"]
[BlackElo "1833"]
[EventDate "2024.05.31"]
[WhiteFideId "3245250"]
[BlackFideId "3247570"]
[PlyCount "0"]

1.e4 e5 2.Nf3 Nc6 3.Bb5 a6 4.Ba4 Nf6 5.d3 b5 6.Bb3 d6 7.h3 Be7 8.Be3 Na5 9.Nbd2
c5 10.c4 Nxb3 11.axb3 b4 12.O-O O-O 13.Re1 Re8 14.Nf1 Bf8 15.Bg5 h6 16.Bxf6 Qxf6
17.Ne3 Bb7 18.Ng4 Qe7 19.Ne3 g6 20.Qd2 a5 21.Nd5 Qd8 22.Nh2 Kh7 23.Ng4 Bg7
24.Qe2 h5 25.Nge3 Bh6 26.Qf3 Kg7 27.Qg3 Bxe3 28.Rxe3 Bc6 29.Rf3 Re6 30.Rf5 Kf8
31.Rf3 a4 32.bxa4 Rxa4 33.Rxa4 Bxa4 34.h4 Bc6 35.Qh3 Kg7 36.Qg3 Bxd5 37.cxd5 Re7
38.Qg5 Rd7 39.Qxd8 Rxd8 40.Re3 Ra8 41.Re2 Ra1+ 42.Kh2 Rd1 43.Rc2 Rxd3 44.f3 f5
45.Re2 fxe4 46.fxe4 b3 47.g3 Rd4 48.Kg2 Kf6 49.Kf3 c4 50.Ke3 Rd3+ 51.Kf2 Ke7
52.Ke1 Rxg3 53.Kd2 Rd3+ 54.Kc1 c3 55.bxc3 Rxc3+ 56.Kb2 Rc2+ 57.Rxc2 bxc2 58.Kxc2
g5 59.hxg5 h4 60.Kd2 h3 61.Ke2 h2 62.Kf2 h1=Q 63.g6 Qh4+ 64.Kf3 Qf4+ 65.Kg2
Qxe4+ 66.Kg3 Qxg6+ 67.Kf3 Qd3+ 68.Kf2 Kf6 69.Kg2 Kg5 70.Kf2 Kg4 71.Kg1 Kg3
72.Kh1 Qf1# 0-1

[Event "2024 WA Championship Reserves"]
[Site "Woodvale, Perth WA AUS"]
[Date "2024.06.03"]
[Round "6.5"]
[White "Bumbak,Jacob"]
[Black "Shaw,Robin A"]
[Result "1-0"]
[WhiteElo "1776"]
[BlackElo "1713"]
[EventDate "2024.05.31"]
[WhiteFideId "3261832"]
[BlackFideId "3204677"]
[PlyCount "0"]

1.d4 f5 2.Bg5 g6 3.e3 Bh6 4.Bxh6 Nxh6 5.Be2 Nf7 6.Nf3 e6 7.Nbd2 d5 8.h4 Nd7 9.c4
c6 10.g3 Nf6 11.Ne5 Qc7 12.Nxf7 Kxf7 13.Nf3 Ne4 14.Bd3 Qa5+ 15.Kf1 Qc7 16.h5 Bd7
17.Bxe4 dxe4 18.Ne5+ Kf6 19.hxg6 hxg6 20.Kg2 Rag8 21.Qd2 Be8 22.Rag1 g5 23.Qd1
Qg7 24.Rxh8 Rxh8 25.Rh1 Ke7 26.Rxh8 Qxh8 27.Qh1 Qxh1+ 28.Kxh1 Kd6 29.f3 exf3
30.Nxf3 g4 31.Ne5 c5 32.Kg1 b6 33.Kf2 a6 34.Ke2 b5 35.b3 b4 36.Nd3 cxd4 37.exd4
a5 38.Ke3 Bc6 39.Kf4 Be4 40.Ke3 Bxd3 41.Kxd3 e5 42.dxe5+ Kxe5 43.Ke3 Ke6 44.Kf4
Kf6 45.c5 Ke6 46.c6 Kd6 47.Kxf5 Kxc6 48.Kxg4 Kd7 49.Kf5 1-0

[Event "2024 WA Championship Reserves"]
[Site "Woodvale, Perth WA AUS"]
[Date "2024.06.03"]
[Round "6.6"]
[White "Brand,Drew"]
[Black "Vujasin,Nikola"]
[Result "0-1"]
[WhiteElo "1317"]
[BlackElo "1705"]
[EventDate "2024.05.31"]
[WhiteFideId "3271986"]
[BlackFideId "3214060"]
[PlyCount "0"]

1.Nf3 Nf6 2.b3 d5 3.e3 c5 4.Bb2 Nc6 5.Be2 Qc7 6.Nc3 e5 7.Bb5 Bd6 8.e4 dxe4 9.Ng5
Bg4 10.Nd5 Qd7 11.Nxf6+ gxf6 12.Nxe4 Be7 13.Bxc6 bxc6 14.f3 Be6 15.Qe2 Rg8
16.Ba3 Kf8 17.Nxc5 Bxc5 18.Bxc5+ Kg7 19.Bb4 a5 20.Bc3 a4 21.h3 Kh8 22.f4 Bd5
23.Rg1 axb3 24.cxb3 Be6 25.g4 h6 26.fxe5 f5 27.Qf2 Qd3 28.Qe3 Qxe3+ 29.dxe3 Kh7
30.Kd2 fxg4 31.hxg4 Bxg4 32.a4 h5 33.b4 h4 34.Raf1 Be6 35.Rxg8 Rxg8 36.Rf4 Rg4
37.Rf3 Rg2+ 38.Kd3 h3 39.Rf4 Rg4 40.Rf2 Rh4 41.Rh2 Bd5 42.Be1 Rh5 43.Bg3 Bg2
44.Bf4 Kg6 45.Ke2 Rh8 46.a5 Kf5 47.Kd3 Ke6 48.Kc3 Rb8 49.Bg3 Rd8 50.Kc4 Rd1
51.Kc3 Kd5 52.Kc2 Rg1 53.Kb2 Rd1 54.a6 Kc4 55.e6 fxe6 56.Bc7 Kxb4 57.Bb6 c5
58.a7 Rd2+ 59.Kb1 Rd1+ 60.Kb2 Rd2+ 61.Kb1 Be4+ 62.Kc1 Rxh2 0-1

[Event "2024 WA Championship Reserves"]
[Site "Woodvale, Perth WA AUS"]
[Date "2024.06.03"]
[Round "6.7"]
[White "Akers,Gerard"]
[Black "Huang,Hui"]
[Result "0-1"]
[WhiteElo "1689"]
[BlackElo "1760"]
[EventDate "2024.05.31"]
[WhiteFideId "110033447"]
[BlackFideId "3247597"]
[PlyCount "0"]

1.e4 Nf6 2.e5 Nd5 3.c4 Nb6 4.c5 Nd5 5.Bc4 e6 6.Nc3 Nxc3 7.dxc3 Nc6 8.Bf4 Bxc5
9.Qg4 g5 10.Bxg5 Rg8 11.f4 h6 12.Bxd8 Rxg4 13.Be2 Rxg2 14.O-O-O Kxd8 15.Rf1 Ne7
16.Bf3 Be3+ 17.Kb1 Rg7 18.Be4 Nf5 19.Ne2 d5 20.exd6 Nxd6 21.Bf3 Ke7 22.Rd1 Nc4
23.Kc2 Bb6 24.Rd3 c6 25.b3 Ne3+ 26.Kd2 Nd5 27.Be4 f5 28.Bf3 a5 29.a3 Bd7 30.c4
Nf6 31.Re1 Ng4 32.Ng3 Kf8 33.Re2 Rd8 34.Nh5 Rf7 35.Rg2 Nf6 36.Ng3 Rg7 37.Kc2 Bc7
38.Ne2 Rxg2 39.Bxg2 Ke7 40.Rh3 h5 41.Bf3 Be8 42.Rg3 Bf7 43.Bg2 Rg8 44.c5 h4
45.Rxg8 Nxg8 46.b4 Bh5 47.Nd4 Bxf4 48.b5 Be8 49.bxc6 bxc6 50.Nxc6+ Bxc6 51.Bxc6
Bxh2 52.Kb3 h3 53.Ka4 Bc7 54.Kb5 Nf6 55.Bh1 e5 56.Kc6 Ne8 57.Kd5 Kf6 58.Kc6 e4
59.Kd7 Kf7 60.Kc6 e3 61.Bf3 h2 0-1

[Event "2024 WA Championship Reserves"]
[Site "Woodvale, Perth WA AUS"]
[Date "2024.06.03"]
[Round "6.8"]
[White "Oscar,Christopher George"]
[Black "Simonds,Marcus"]
[Result "1/2-1/2"]
[WhiteElo "1438"]
[BlackElo "1714"]
[EventDate "2024.05.31"]
[WhiteFideId "5835569"]
[BlackFideId "3237575"]
[PlyCount "0"]

1.d4 Nf6 2.Nc3 d6 3.e4 g6 4.Nf3 Nbd7 5.Bc4 Bg7 6.O-O O-O 7.Bf4 Nh5 8.Be3 e5
9.Qd2 c6 10.dxe5 Nxe5 11.Nxe5 dxe5 12.Qe2 Nf4 13.Bxf4 exf4 14.Qf3 Be6 15.Bb3 Qg5
16.Rab1 Rad8 17.Rfd1 Bg4 18.h4 Bxf3 19.hxg5 Bxd1 20.Nxd1 Rfe8 21.f3 b5 22.a4 a6
23.c3 Bf8 24.Kh2 Be7 25.Nf2 Bxg5 26.Nh3 Bh6 27.Nf2 Rd2 28.Ng4 Bg7 29.Kg1 h5
30.Nh2 Be5 31.Nf1 Rd6 32.Nh2 Red8 33.Nf1 Kg7 34.Kf2 g5 35.g3 Kg6 36.g4 hxg4
37.fxg4 Rd3 38.Nh2 Rd2+ 39.Kg1 R8d3 40.Nf1 Re2 41.Bd1 f3 42.Kh1 Rg2 43.Bxf3 Rf2
44.Bg2 Rf4 45.Nh2 Rd2 46.Nf3 Rxf3 47.Bxf3 Rf2 48.Bg2 Rf4 49.axb5 axb5 50.Ra1 Rf6
51.Ra8 Rd6 52.Ra1 Rd2 53.Rb1 c5 54.Bf1 b4 55.cxb4 cxb4 56.b3 Rd4 57.Rc1 Rd2
58.Rb1 Bc3 59.Bc4 f6 60.Be6 Be5 61.Bf5+ Kf7 62.Kg1 1/2-1/2

[Event "2024 WA Championship Reserves"]
[Site "Woodvale, Perth WA AUS"]
[Date "2024.06.03"]
[Round "6.10"]
[White "Rithauddin,Florentyna"]
[Black "Wu,Kobe"]
[Result "1/2-1/2"]
[WhiteElo "840"]
[BlackElo "1689"]
[EventDate "2024.05.31"]
[WhiteFideId "35816694"]
[BlackFideId "3257355"]
[PlyCount "0"]

1.c4 c6 2.d4 d5 3.cxd5 cxd5 4.Nc3 Nf6 5.Nf3 Nc6 6.g3 e6 7.a3 a6 8.Bg2 Bd6 9.O-O
O-O 10.Bg5 h6 11.Bxf6 Qxf6 12.Rc1 Bd7 13.e4 dxe4 14.Nxe4 Qe7 15.Nxd6 Qxd6 16.Qd2
Rad8 17.Rfd1 Bc8 18.b4 Rd7 19.Qa2 e5 20.d5 Ne7 21.Ne1 b6 22.Nc2 Bb7 23.Ne3 Rfd8
24.Nc4 Qf6 25.d6 Nc8 26.Bh3 Qf3 27.Kf1 Qh1+ 28.Ke2 Bf3+ 29.Kd2 Rxd6+ 30.Nxd6
Rxd6+ 31.Ke3 Bxd1 32.Rxc8+ Kh7 33.Bf5+ Rg6 34.Bxg6+ Kxg6 35.Qb1+ f5 36.Kd2 Qd5+
37.Qd3 Qxd3+ 38.Kxd3 Ba4 39.Ke3 Kg5 40.f4+ exf4+ 41.gxf4+ Kg4 42.Rg8 g5 43.fxg5
hxg5 44.h3+ Kh4 45.Rh8+ Kg3 46.Rh5 f4+ 47.Ke2 f3+ 48.Ke3 g4 49.hxg4 Kxg4 1/2-1/2

[Event "2024 WA Championship Reserves"]
[Site "Woodvale, Perth WA AUS"]
[Date "2024.06.03"]
[Round "6.11"]
[White "Raptis,Liam"]
[Black "Moseley,Paul"]
[Result "1-0"]
[WhiteElo "1646"]
[BlackElo "1620"]
[EventDate "2024.05.31"]
[WhiteFideId "3254488"]
[BlackFideId "3250911"]
[PlyCount "0"]

1.d4 f5 2.c4 e6 3.Nc3 Nf6 4.Nf3 Be7 5.g3 O-O 6.Bg2 Ne4 7.O-O Nxc3 8.bxc3 d6
9.Re1 c5 10.Bb2 Nd7 11.Nd2 Rb8 12.e4 Nf6 13.Qe2 fxe4 14.Nxe4 Nxe4 15.Qxe4 Bf6
16.Rad1 Qa5 17.a3 Qc7 18.Bh3 Re8 19.Bf5 Qe7 20.Bxh7+ Kf8 21.Bg6 Rd8 22.Qf3 Qc7
23.g4 Kg8 24.Qh3 Kf8 25.g5 Bxg5 26.Qh8+ 1-0

[Event "2024 WA Championship Reserves"]
[Site "Woodvale, Perth WA AUS"]
[Date "2024.06.03"]
[Round "6.13"]
[White "Tan, Li Ya Leah"]
[Black "Perera,Kaviru"]
[Result "1/2-1/2"]
[WhiteElo "1434"]
[BlackElo "1448"]
[EventDate "2024.05.31"]
[WhiteFideId "5838789"]
[BlackFideId "3261565"]
[PlyCount "0"]

1.e4 e5 2.Nf3 Nc6 3.Bc4 Bc5 4.O-O Nf6 5.d3 h6 6.Nc3 O-O 7.Be3 Bb6 8.h3 d6 9.Bb3
Be6 10.d4 exd4 11.Nxd4 Nxd4 12.Bxd4 Bxd4 13.Qxd4 Re8 14.Bxe6 Rxe6 15.Rfe1 Qe7
16.f3 c6 17.Kf1 b6 18.Rad1 Re8 19.Qd2 d5 20.exd5 Rxe1+ 21.Rxe1 Qxe1+ 22.Qxe1
Rxe1+ 23.Kxe1 Nxd5 24.Nxd5 cxd5 25.Ke2 Kf8 26.Kd3 Ke7 27.c4 Kd6 28.Kd4 dxc4
29.Kxc4 Kc6 30.Kd4 Kd6 31.g3 g6 32.f4 f6 33.g4 f5 34.gxf5 gxf5 35.h4 h5 36.a3 a6
37.b3 a5 38.a4 Ke6 39.Kc4 Kd6 1/2-1/2

[Event "2024 WA Championship Reserves"]
[Site "Woodvale, Perth WA AUS"]
[Date "2024.06.03"]
[Round "7.1"]
[White "Bumbak,Jacob"]
[Black "Gao,Oscar"]
[Result "0-1"]
[WhiteElo "1776"]
[BlackElo "1843"]
[EventDate "2024.05.31"]
[WhiteFideId "3261832"]
[BlackFideId "3235173"]
[PlyCount "0"]

1.d4 Nf6 2.Nc3 d5 3.Bf4 e6 4.Nb5 Na6 5.e3 c6 6.Nc3 Nc7 7.Nf3 b6 8.Ne5 Bb7 9.g4
Nd7 10.Qf3 Nxe5 11.Bxe5 f6 12.Bg3 Bb4 13.Bd3 Qe7 14.g5 O-O-O 15.gxf6 gxf6
16.Bxc7 Kxc7 17.a3 Bd6 18.Kd2 Bc8 19.Qe2 e5 20.Rag1 f5 21.b4 Qf6 22.b5 exd4
23.Nd1 c5 24.c3 c4 25.cxd4 cxd3 26.Qxd3 f4 27.Rg2 Bf5 28.Qb3 Be4 29.Rhg1 Bxg2
30.Rxg2 fxe3+ 31.fxe3 Kb8 32.Rf2 Qe6 33.a4 Rdf8 34.Rg2 Rhg8 35.Re2 Qe4 36.Nc3
Qf3 37.Nxd5 Rg2 38.Nc3 Rxe2+ 39.Nxe2 Re8 40.Qd3 Bb4+ 41.Kc2 Rxe3 0-1

[Event "2024 WA Championship Reserves"]
[Site "Woodvale, Perth WA AUS"]
[Date "2024.06.03"]
[Round "7.2"]
[White "Gough,Dylan"]
[Black "Elkington,Derek"]
[Result "0-1"]
[WhiteElo "1738"]
[BlackElo "1879"]
[EventDate "2024.05.31"]
[WhiteFideId "3243176"]
[BlackFideId "3212564"]
[PlyCount "0"]

1.d4 d5 2.c4 c6 3.e3 Nf6 4.cxd5 cxd5 5.Nc3 Bf5 6.Bd3 Bg6 7.Nge2 e6 8.Nf4 Bxd3
9.Nxd3 Nbd7 10.f4 h5 11.h3 h4 12.Qb3 Rb8 13.Bd2 a6 (13...g6) 14.Ne5 Bd6 15.O-O
Rh5 16.Rf3 Rh6 17.Raf1 g6 18.Qc2 Rc8 19.Qd3 b5 20.a3 Qb6 21.e4 Bxe5 22.Be3 Rxc3
23.Qxc3 Bc7 24.e5 Ne4 25.Qc2 Rh8 26.Rc1 Bd8 27.Qc6 Qxc6 28.Rxc6 Nb6 29.b3 Kd7
30.Rc2 Be7 31.Rf1 Bxa3 32.Ra1 b4 33.Bc1 Bxc1 34.Rcxc1 Nc3 35.Kf2 Ra8 36.Ra5 Kc6
37.Kf3 Kb7 38.Kg4 Ne2 39.Rd1 Rc8 40.Rd2 Nc1 41.Rb2 Rc3 42.Kxh4 Nxb3 43.Raa2 Nc4
44.Rf2 Nxd4 45.Kg5 b3 46.Ra1 Rc2 47.Rxc2 bxc2 48.Rc1 Ne3 49.g4 Ne2 50.Rxc2 Nxc2
51.f5 gxf5 52.gxf5 d4 53.Kf6 d3 54.fxe6 fxe6 0-1

[Event "2024 WA Championship Reserves"]
[Site "Woodvale, Perth WA AUS"]
[Date "2024.06.03"]
[Round "7.3"]
[White "Tran,Thien Huy"]
[Black "Vujasin,Nikola"]
[Result "0-1"]
[WhiteElo "1708"]
[BlackElo "1705"]
[EventDate "2024.05.31"]
[WhiteFideId "12445444"]
[BlackFideId "3214060"]
[PlyCount "0"]

1.e4 c6 2.d4 d5 3.e5 c5 4.c3 Nc6 5.Bb5 Qc7 6.Bf4 Bf5 7.dxc5 e6 8.b4 a5 9.Ne2
axb4 10.cxb4 Bxb1 11.Qxb1 Ne7 12.O-O Ng6 13.Bg3 Nxe5 14.Nd4 f6 15.Nxe6 Qd7
16.Qf5 {White defaulted - mobile phone rule} 0-1

[Event "2024 WA Championship Reserves"]
[Site "Woodvale, Perth WA AUS"]
[Date "2024.06.03"]
[Round "7.4"]
[White "Clarke,Daniel"]
[Black "Chen,Angus"]
[Result "0-1"]
[WhiteElo "1833"]
[BlackElo "1672"]
[EventDate "2024.05.31"]
[WhiteFideId "3247570"]
[BlackFideId "3251390"]
[PlyCount "0"]

1. e4 e5 2. Nf3 Nc6 3. Bb5 a6 4. Ba4 Nf6 5. O-O b5 6. Bb3 d6 7. c3 Be7 8. h3 Na5 
9. Bc2 c5 10. Re1 O-O 11. d4 Qc7 12. Nbd2 Bd7 13. Nf1 Rfe8 14. Bg5 Rac8 15. Rc1 h6 
16. Be3 Bf8 17. d5 Nc4 18. b3 Nxe3 19. Nxe3 g6 20. Bd3 Nh5 21. Bf1 Nf4 22. Kh2 Bg7 
23. g3 Nh5 24. Qc2 Rf8 25. Be2 Rce8 26. Nh4 Nf6 27. Bf1 Qa5 28. a4 Qb6 29. Ra1 Ra8 
30. Ra2 Ra7 31. Rea1 Rfa8 32. Bd3 Qc7 33. Qe2 bxa4 34. bxa4 a5 35. Rb2 Rb8 36. Rxb8+ 
Qxb8 37. Rb1 Rb7 38. Rxb7 Qxb7 39. Nc4 Qc7 40. Qc2 Bc8 41. Na3 Qd7 42. Bf1 g5 43. Nf5 
Nxe4 44. Nxg7 Nf6 45. Ne6 fxe6 46. dxe6 Qxe6 47. Qg6+ Kh8 48. Qxh6+ Nh7 49. Qh5 Bd7 
50. Nb5 Qf6 51. Kg1 d5 52. Qe2 c4 53. Bg2 Bc6 54. Qd2 Qd8 55. Qe3 Qe7 56. Nd4 Bxa4 
57. Nf5 Qf6 58. g4 e4 59. Qa7 Qd8 60. Qd4+ Qf6 61. Qxd5 Qf8 62. Qxa5 Bc6 63. Qe5+ Qf6 
64. Qb8+ Qf8 65. Qc7 Bd5 66. Qe5+ Nf6 67. Ng3 Qg7 68. Qb8+ Qg8 69. Qc7 Qg7 70. Qd8+ Kh7 
71. Nf5 Qf7 72. Qb6 Qe6 73. Qe3 Kg6 74. Nd4 Qb6 75. Qc1 Qc5 76. Nf5 Be6 77. Ng3 Qe5 
78. Qe3 Bd5 79. f3 Qxg3 80. Kh1 exf3 0-1

[Event "2024 WA Championship Reserves"]
[Site "Woodvale, Perth WA AUS"]
[Date "2024.06.03"]
[Round "7.5"]
[White "Huang,Hui"]
[Black "Sheridan,Wallace"]
[Result "1-0"]
[WhiteElo "1760"]
[BlackElo "1567"]
[EventDate "2024.05.31"]
[WhiteFideId "3247597"]
[BlackFideId "3206769"]
[PlyCount "0"]

1.d4 d5 2.Bf4 Nf6 3.e3 e6 4.Nf3 c5 5.c3 Bd6 6.Bb5+ Nc6 7.Bxc6+ bxc6 8.Bxd6 Qxd6
9.Qa4 O-O 10.Qa3 Nd7 11.Nbd2 Qc7 12.dxc5 e5 13.b4 a5 14.O-O Ba6 15.Rfe1 axb4
16.cxb4 Bc4 17.Qb2 Bb5 18.Nb1 Rfb8 19.Nc3 Bc4 20.Qd2 Ra3 21.Reb1 Rba8 22.Ne1 Qa7
23.Nc2 Bxa2 24.Nxa3 Bxb1 25.Ncxb1 Qb7 26.Nc2 Rxa1 27.Nxa1 Nxc5 28.Nc2 Ne4 29.Qd3
c5 30.Qb3 c4 31.Qb2 c3 32.Nxc3 1-0

[Event "2024 WA Championship Reserves"]
[Site "Woodvale, Perth WA AUS"]
[Date "2024.06.03"]
[Round "7.6"]
[White "Liyanage,Nithuli"]
[Black "Otis,Max"]
[Result "1/2-1/2"]
[WhiteElo "1514"]
[BlackElo "1759"]
[EventDate "2024.05.31"]
[WhiteFideId "3266729"]
[BlackFideId "3265854"]
[PlyCount "0"]

1.e4 c6 2.d4 d5 3.e5 c5 4.c3 Nc6 5.Nf3 cxd4 6.cxd4 Bg4 7.Be2 e6 8.h3 Bxf3 9.Bxf3
Nge7 10.Be3 Nf5 11.Bg4 Bb4+ 12.Nc3 Nxe3 13.fxe3 Qh4+ 14.Ke2 Bxc3 15.bxc3 O-O
16.Qe1 Qxe1+ 17.Raxe1 Rac8 18.Kd3 b5 19.e4 dxe4+ 20.Kxe4 Na5 21.Kd3 Rc7 22.Rc1
g6 23.Rhf1 h5 24.Be2 Rfc8 25.Rc2 Nc4 26.Rfc1 Rd8 27.Ke4 Na3 28.Rb2 a6 29.Rb4
Rdc8 30.Rb3 Nc4 31.Bxc4 Rxc4 32.Ra3 R8c6 33.Rb3 Kg7 34.Rc2 Kh6 35.Kd3 Kg5 36.Rf2
Rc7 37.Rf3 a5 38.Rxb5 Rxc3+ 39.Ke4 a4 40.Ra5 a3 41.Rd3 Rxd3 42.Kxd3 Kf4 43.Rxa3
Kg3 44.Ke4+ Kxg2 45.Kf4 Rc4 46.Rd3 Ra4 47.a3 Kf2 48.h4 Ke2 49.Ke4 Rc4 50.Re3+
Kd2 51.Rf3 Rc1 52.Rf2+ Kc3 53.Rf3+ Kc4 54.Ke3 Re1+ 55.Kf2 Re4 56.Rxf7 Rxh4
57.Rf6 g5 58.Rxe6 Kxd4 59.Rg6 Rf4+ 60.Kg3 Rg4+ 61.Kf3 Kxe5 62.a4 Kf5 63.Ra6 Ke5
64.Rh6 Rf4+ 65.Kg2 h4 66.a5 Rf7 67.Rb6 Ra7 68.Rb5+ Kf4 69.Kh3 Ra6 70.Rb4+ Kf3
71.Rb3+ Ke4 72.Rb4+ Kd3 73.Rb5 Kc4 1/2-1/2

[Event "2024 WA Championship Reserves"]
[Site "Woodvale, Perth WA AUS"]
[Date "2024.06.03"]
[Round "7.7"]
[White "Simonds,Marcus"]
[Black "Sethuraman,Jaswanth Ram"]
[Result "1/2-1/2"]
[WhiteElo "1714"]
[BlackElo "1490"]
[EventDate "2024.05.31"]
[WhiteFideId "3237575"]
[BlackFideId "3245250"]
[PlyCount "0"]

1.Nf3 Nc6 2.d4 d5 3.Bf4 Bg4 4.Nbd2 e6 5.e3 a6 6.a4 Bd6 7.c3 e5 8.dxe5 Bxe5 9.Be2
Bxf4 10.exf4 Bxf3 11.Nxf3 Nf6 12.O-O O-O 13.Ne5 Qd6 14.Nxc6 Qxc6 15.Qd4 Rfe8
16.Bd3 Qd6 17.b4 b6 18.b5 c5 19.bxc6 Qxc6 20.f3 Qd6 21.Rab1 Qc5 22.Rxb6 Qxd4+
23.cxd4 Re6 24.Rfb1 a5 25.Rxe6 fxe6 26.Rc1 Kf8 27.Bb5 g6 28.g4 Ra7 29.Rc5 Ng8
30.Rc8+ Kg7 31.Rc5 Kf7 32.Rc8 Nf6 33.Kf2 h5 34.h3 hxg4 35.hxg4 Ke7 36.Kg3 Kf7
37.Kh4 Ng8 38.Kg5 Kg7 39.Rc6 Kf7 40.Rc8 Kg7 41.Rc5 Kf7 42.Rc1 Kg7 43.Bd3 Ne7
44.Rh1 Rb7 45.Bb5 Rb8 46.Rc1 Rb7 47.Re1 Kf7 48.Rh1 Kg7 49.Re1 Kf7 50.Rc1 Kg7
51.Kh4 Kf7 52.Kg3 Kg7 53.Kf2 Kf7 54.Ke3 Kg7 55.Rc5 Ra7 56.Bd3 Kf7 57.Rb5 Kg7
58.Rb6 Kf7 59.Bb5 Kf6 60.Kf2 Nc8 61.Rc6 Ne7 62.Rc1 Kf7 63.Kg3 Kg7 64.Kh4 Kf7
65.Kg5 Rb7 66.Rb1 Kg7 67.Rc1 Kf7 1/2-1/2